| 000 | 00732nam a22002177a 4500 | ||
|---|---|---|---|
| 003 | OSt | ||
| 005 | 20251205045352.0 | ||
| 008 | 251205b |||||||| |||| 00| 0 eng d | ||
| 020 | _a978-971-9336020 | ||
| 040 |
_aDWC-Main lib. _cOC |
||
| 082 | _aFil. 658.812 B613e 2007 | ||
| 100 | _aBinghay, Virgel C. | ||
| 245 |
_aEnhancing quality customer service for micro, small and medium enterprises/ _cVirgel C. Binghay |
||
| 260 |
_aManila : _bVCB Research & Publications, _cc2007. |
||
| 300 |
_aix, 156 pages : _billustrations ; _c23cm. |
||
| 504 | _aIncludes bibliographical references and index. | ||
| 650 | _a1. Customer service. | ||
| 650 | _a2. Philippines. | ||
| 650 | _a3. Small business. | ||
| 942 |
_2ddc _cBK - FIL _kFil. _n0 |
||
| 999 |
_c6931 _d6931 |
||